Red de municipios : modelo y acciones de la Diputación de Barcelona 2000-2003 / Diputació de Barcelona, Xarxa de Municipis modelo y acciones de la Diputación de Barcelona 2000-2003 / Diputació de Barcelona, Xarxa de Municipis
ISBN:
84-7794-954-9
Descripción Física:
179 p. : il. col., gràfics, quadres ; 27 cm
MARC
| LEADER | 00000nam a2200000Ia 4500 | ||
|---|---|---|---|
| 001 | 15839 | ||
| 008 | 160829s2003 xx 000 0 cat d | ||
| 020 | |a 84-7794-954-9 | ||
| 080 | |a M-4-339 | ||
| 245 | |a Red de municipios : |b modelo y acciones de la Diputación de Barcelona 2000-2003 / Diputació de Barcelona, Xarxa de Municipis | ||
| 260 | |a Barcelona : |b Diputació de Barcelona, |c 2003 | ||
| 300 | |a 179 p. : |b il. col., gràfics, quadres ; |c 27 cm | ||
| 610 | 0 | |a Barcelona (Catalunya : Província). |b Diputació |x Història |9 10583 | |
| 650 | |a Barcelona. Diputació |x Administració |9 33761 | ||
| 710 | 1 | |a Barcelona (Catalunya : Província). |b Diputació |9 52408 | |
| 901 | |a Arxiu | ||
| 942 | |n 1 | ||
| 952 | |0 0 |1 0 |4 0 |6 M4339 |7 1 |9 47380 |a Arxiu |b Arxiu |d 2016-12-01 |l 0 |o M-4-339 |p 15839 |r 2016-12-01 00:00:00 |w 2016-12-01 |y ARXIU | ||
| 999 | |c 51178 |d 51178 | ||